লোকলোর পরিচিতি ও লোকসাহিত্যের পঠন-পাঠন / (Record no. 61485)
[ view plain ]
| 000 -LEADER | |
|---|---|
| fixed length control field | 00859nam a2200217 a 4500 |
| 001 - CONTROL NUMBER | |
| control field | 61485 |
| 003 - CONTROL NUMBER IDENTIFIER | |
| rucl marc code | BD-RjUL |
| 005 - DATE AND TIME OF LATEST TRANSACTION | |
| control field | 20211209080953.0 |
| 008 - FIXED-LENGTH DATA ELEMENTS--GENERAL INFORMATION | |
| fixed length control field | 170118s1967 bg ||||| |||| 00| 0 ben d |
| 035 ## - SYSTEM CONTROL NUMBER | |
| System control number | (BD-RjUL)61609 |
| 040 ## - CATALOGING SOURCE | |
| Original cataloging agency | BD-RjUL |
| Language of cataloging | ben |
| Transcribing agency | BD-RjUL |
| 041 ## - LANGUAGE CODE | |
| Language code of text/sound track or separate title | ben |
| 082 ## - DEWEY DECIMAL CLASSIFICATION NUMBER | |
| Edition number | 23 |
| Classification number | 398 |
| Author mark and year | ISL 1967 |
| 100 ## - MAIN ENTRY--PERSONAL NAME | |
| Personal name | ইসলাম, মযহারুল |
| 9 (RLIN) | 179261 |
| 245 10 - TITLE STATEMENT | |
| Title | লোকলোর পরিচিতি ও লোকসাহিত্যের পঠন-পাঠন / |
| Statement of responsibility, etc. | মযহারুল ইসলাম |
| 260 ## - PUBLICATION, DISTRIBUTION, ETC. (IMPRINT) | |
| Place of publication, distribution, etc. | রাজশাহী : |
| Name of publisher, distributor, etc. | বাংলা বিভাগ, রাজশাহী বিশ্ববিদ্যালয় |
| Date of publication, distribution, etc. | ১৯৬৭ |
| 300 ## - PHYSICAL DESCRIPTION | |
| Pagination | [১৬], ৪৯২ পৃ. ; |
| Size | ২১ সেমি. |
| 650 ## - SUBJECT ADDED ENTRY--TOPICAL TERM | |
| Topical term or geographic name as entry element | ফোকলোর |
| 9 (RLIN) | 170337 |
| Topical term or geographic name as entry element | Folklore |
| 9 (RLIN) | 175768 |
| 942 ## - ADDED ENTRY ELEMENTS (KOHA) | |
| Source of classification or shelving scheme | Dewey Decimal Classification |
| Koha item type | Books |
| Lost status | Source of classification or shelving scheme | Damaged status | Not for loan | Collection code | Permanent Location | Current Location | Shelving location | Date acquired | Source of acquisition | Cost, normal purchase price | Total Checkouts | Full call number | Date last seen | Copy number | Koha item type | Date checked out |
|---|---|---|---|---|---|---|---|---|---|---|---|---|---|---|---|---|
| Dewey Decimal Classification | Not For Loan | Non-fiction | Central Library, University of Rajshahi | Central Library, University of Rajshahi | Reading Room | 04/12/1968 | Lekhok | 15.00 | B 398 ISL 1967 | 18/01/2017 | C-1 | Books | ||||
| Dewey Decimal Classification | Fiction | Central Library, University of Rajshahi | Central Library, University of Rajshahi | 16/01/2020 | 15.00 | 1 | B 398 ISL 1967 | 18/09/2023 | C-2 | Books | 05/09/2023 |